| 000 | 00778nas a2200265 4500 | ||
|---|---|---|---|
| 001 | BR7700412 | ||
| 003 | BR-BrBNA | ||
| 005 | 20231205083038.0 | ||
| 007 | ta | ||
| 008 | 230509b bl.|||p| |||| 00| 00por d | ||
| 040 |
_aBR-BrBNA _bpor _cBiblioteca Nacional de Agricultura |
||
| 041 | _a(Pt) | ||
| 072 | _aF30 | ||
| 100 | 1 | _aSouza, M. de | |
| 100 | 1 | _aRamalho, M.A.P. | |
| 100 | 1 | _aPaiva, E. | |
| 245 | 1 | _aPropaganda da nogueira peca (Carya illinoensis Koch), processos de obtencao de porta-enxertos [Brasil] | |
| 650 | _aREPRODUCAO VEGETAL | ||
| 650 | _aREPRODUCAO ASSEXUADA | ||
| 650 | _aNOZ PECA | ||
| 650 | _aPORTA ENXERTO | ||
| 773 | 0 |
_tAGROS (Brazil) _x _g(1975), v. 5(1) p. 21-31 _wBR7700412 |
|
| 909 |
_a202311 _bLúcia _c55 _dLúcia Elande |
||
| 942 |
_2AGRIS _n0 _cANA |
||
| 999 |
_c96001 _d96001 |
||